| 000 | 00906nam a22003257a 4500 | ||
|---|---|---|---|
| 001 | BR2017000054 | ||
| 003 | BR-BrBNA | ||
| 005 | 20230928105024.0 | ||
| 007 | ta | ||
| 008 | 230509b bl.||||| |||| 00| 0 por d | ||
| 040 |
_aBR-BrBNA _bpor _cBiblioteca Nacional de Agricultura |
||
| 041 | _a(Por) | ||
| 072 | _aC20; E14 | ||
| 090 | _ C20 BR2017000054 | ||
| 100 | 1 | _aHeleno, G. | |
| 100 | 1 | _aHammes, V.S. | |
| 110 | 1 | _aEMBRAPA Informação Tecnológica, Brasília, DF (Brasil) | |
| 245 | 1 |
_aSegredos da Serra dos Macacos _bSérie Educação e Cidadania |
|
| 250 | 1 | _a1. ed. | |
| 260 | 3 |
_aBrasília, DF (Brasil): _c2004. |
|
| 300 | _a47 p. | ||
| 500 | _a12 illus.; Glossary p. 45-46 | ||
| 650 | _aEXTENSÃO RURAL | ||
| 650 | _aDESENVOLVIMENTO RURAL | ||
| 650 | _aMEIO AMBIENTE | ||
| 650 | _aEDUCAÇÃO | ||
| 650 | _aESCOLA RURAL | ||
| 909 |
_a202309 _bLucia _c55 _dLucia Elande |
||
| 942 | _cBK | ||
| 999 |
_c82980 _d82980 |
||